000 00401nas a22001337a 4500
999 _c1304
_d1304
008 130409t20019999ag ||||| |||| 00| 0 spa d
245 _aBoletin Informativo de la SAP
260 _aBuenos Aires,
_bSociedad Argentina de Pediatria:
_c2001
300 _av. :
546 _aespaƱol
590 _aExistencias: 2001 28(3,4) BAJA DEPOSITO (CAJA 17) MAYO 2019
650 _aPEDIATRIA
_91741
942 _2ddc
_cCR